Представление документа в формате RUSMARC

ПолеНазваниеЗначение
  Тип записи a
  Библиографический уровень a
001 Контрольный номер RU/REG73/CBS_GRAD/f41904a8afc9467fbbe318afcd8261f5
005 Дата корректировки 20240131203728.3
100 Данные общей обработки __
a Данные общей обработки 20230421a1994####m##c0rusy0189 ca
101 Язык документа 0_
a Язык текста rus
102 Страна публикации __
a Страна публикации RU
200 Заглавие и сведения об ответственности 1_
a Заглавие "Издревле сладостный союз..." Николай Языков и А.С.Пушкин
e Сведения, относящиеся к заглавию [220 лет со дня рождения Н.М. Языкова, русского поэта, входившего в ближайший круг А.С. Пушкина]
461 Уровень набора _0
1 2000
a Мономах
463 Уровень физической единицы _0
1 2000
8
v С.2-5, фото
a № 1 (133)
1 2101
d 2023
1 001RU/REG73/CBS_GRAD/a74bf2e5d13f449baccf08767042d426
600 Персоналии _1
a Персоналии (Фамилия) Языков Н.М.
606 Тематические рубрики 0_
a Основная рубрика Языков, Николай Михайлович (1803-1847)
610 Ключевые слова 0_
a Ключевые слова русские писатели
686 Индексы других классификаций __
a Классификационный индекс 83.3(2 Рос=Рус)1
2 Код системы rubbk
801 Источник записи _0
a Страна RU
b Организация RuCBSGrad
c Дата составления 20230421
g Правила каталогизации RCR
801 Источник записи _1
a Страна RU
b Организация RuCBSGrad
c Дата составления 20230421
g Правила каталогизации RCR
852 Данные о местонахождении __
a Наименование организации МБУК "ЦБС г. Димитровграда
m Каталогизатор Тенигина
901 Тип документа __
t Тип документа b
w Контрольный № источника RU/REG73/CBS_GRAD/a74bf2e5d13f449baccf08767042d426
909 Создатель записи __
a Создатель записи Тенигина